000
00247nam a2200097Ia 4500
001
714705
005
20250826162910.0
008
250824s9999 xx 000 0 und d
245
0
_a
CUMARTESİ YALNIZLIĞI
_c
SELİM İLERİ
260
_b
EVEREST YAYINLARI
999
_c
714705
_d
714705